Die 11. SS-Freiwilligen-Panzer-Grenadier-Division "Nordland"

Titel: Die 11. SS-Freiwilligen-Panzer-Grenadier-Division "Nordland" / Rolf Michaelis
Beteiligt:
Ausgabe: 1. Aufl.
Veröffentlicht: Berlin : Michaelis, 2001
Umfang: 152 S. : Ill., Kt. ; 22 cm
Format: Buch
Sprache: Deutsch
Schlagworte:
ISBN: 3930849291
Buchumschlag
X
Lokale Klassifikation: 3 14 B ; 46 14 B ; 47 14 B
alg: 10119348
001A    $06000:31-10-01 
001B    $01999:19-05-23 $t20:56:45.000 
001C    $03004:17-09-07 $t11:47:04.000 
001D    $06000:28-03-02 
001U    $0utf8 
001X    $00 
002@    $0Aaxaf 
003@    $0101193483 
003O    $054007694 $aOCoLC 
004A    $03-930849-29-1 $fPp. : EUR 23.00 
006G    $0962758515 
006T    $001,N46,0604 
007A    $0962758515 $aDNB 
007G    $0DE0200ED4AB1407DD7DF7C1257BE400385A12 
007T    $0Herdhh101193483 
009P    $qapplication/pdf $A2 $3Inhaltsverzeichnis $uhttp://scans.hebis.de/HEBCGI/show.pl?10119348_toc.pdf $mV:DE-603;B:DE-Mb50 
010@    $ager 
011@    $a2001 $n2001 
015@    $00 
017A    $asf 
021A    $aDie @11. SS-Freiwilligen-Panzer-Grenadier-Division "Nordland" $hRolf Michaelis 
027A    $aDie @elfte SS-Freiwilligen-Panzer-Grenadier-Division "Nordland" 
028C    $#Michaelis, Rolf $#Michaeliss, Rolfs $D20220215 $Ecgwrk $7136867383 $8Michaelis, Rolf$Z1968- [Tp1] $9207435812 
032@    $a1. Aufl. 
033A    $pBerlin $nMichaelis 
034D    $a152 S. 
034I    $a22 cm 
034M    $aIll., Kt. 
041A    $#Waffen-SS, Freiwilligen-Panzer-Grenadier-Division Nordland $#SS-Freiwilligen-Panzer-Grenadier-Division 11 $#SS-Freiwilligen-Panzer-Grenadier-Division Nordland $74532572-8 $8Waffen-SS$bFreiwilligen-Panzer-Grenadier-Division$g11 [Tb1] $908938184X 
041A/80 $i8.4 
041A/90 $hXA-DE 
045E    $a63 $a21 
045F    $a355.00943 $eDDC23BSB 
045F/01 $a355.009 
045F/03 $g43 
045F/03 $g4796 
045F/03 $g4798 
045F/03 $g479 

lok: 10119348 24
101B    $005-11-07 $t09:13:44.000 
101C    $005-11-07 
101U    $0utf8 
145Z/01 $a3 14 B 
145Z/02 $a46 14 B 
145Z/03 $a47 14 B 

exp: 10119348 24 1 #EPN
201B/01 $005-11-07 $t09:13:44.000 
201C/01 $017-09-07 
201U/01 $0utf8 
203@/01 $0508584639 
208@/01 $a05-11-07 $bz 
209A/01 $a07.5371 $du $f050 $h07 5371 $x00 
209C/01 $a07.5371 K $h07 5371 K 
209G/01 $a71990893 $x00 
220C/01 $amar 
247C/01 $8358050-7 Marburg, Bibliothek des Herder-Instituts Marburg $9102600961 

lok: 10119348 78

exp: 10119348 78 1 #EPN
201B/01 $019-04-17 $t18:55:29.000 
201U/01 $0utf8 
203@/01 $0793381398 
208@/01 $a12-11-16 $be 
209A/01 $a/ $f000 $x00 
220C/01 $aTitelaufnehmer: kk 
237A/01 $aweiterführende Signatur(en): Herder-Institut: 07.5371 
244Z/01 $2Trx $#Baltijos šalys $#kraje bałtyckie $#Baltikum $8--Trx--Baltische Länder $x01 $9391352903 
244Z/01 $2Trx $#Estija $#Igaunija $#Estland $#Estonia $#Estonia $#Estónsko $#Estonsko $8--Trx--Eesti $x02 $9391237225 
244Z/01 $2Trx $#Litauen $#Lithuania $#Litwa $#Litva $#Litva $8--Trx--Lietuva $x03 $9391193457 
244Z/01 $2Trx $#Latvija $#Lettland $#Łotwa $#Lotyšsko $8--Trx--Latvija $x04 $9391275879 
244Z/01 $2Trx $#Pomeranija $#Pommern $#Pomoransko $#Pomořansko $#Hinterpommern;Vorpommern;Mittelpommern $#Pomorze Środkowe;Pomorze Przednie $#Pomořansko;Západní Pomořany; Pomořany $8--Trx--Pomorze Zachodnie $x05 $9391303775 
244Z/01 $2Trx $#okupatsioonipoliitika, rahvussotsiaalne 1938-1945 $#fašistinė okupacinė politika 1938-1945 $#National-Socialist policies of occupation 1938-1945 $#megszállási politika, nemzetiszocialista $#okupacja hitlerowska 1938-1945 $#politika okupačná, nacistická 1938-1945 $#politika okupační, nacistická 1938-1945 $#polityka okupacyjna, hitlerowska 1938-1945 $8--Trx--Besatzungspolitik, nationalsozialistische$g1938-1945 $x06 $9391382608 
244Z/01 $2Trx $#kaitsejõud, Saksa $#Vokietijos ginkluotosios pajėgos $#Armed forces, German $#fegyveres erök, német $#siły zbrojne, niemieckie $#armáda nemecká $#armáda německá $8--Trx--Streitkräfte, deutsche $x07 $9391362267 
244Z/01 $2Trx $#eestlased $#estai $#Estonians $#észtek $#Estończycy $#Estónci $#Estonci $8--Trx--Esten $x08 $9391369504 
244Z/01 $2Trx $#dzieło zbiorowe $8--Trx--Sammelwerk $x09 $9391384597 
245Z/01 $a07.06 $x01 
247C/01 $82080>Marburg/Lahn, Herder-Institut, Forschungsbibliothek, Bibliographieportal $9336309341
LEADER 00000cam a22000002c 4500
001 101193483
003 DE-603
005 20230519205645.0
007 tu
008 011031s2001 xx |||| | u00||u|ger
015 |a 01,N46,0604  |2 dnb 
016 7 |2 DE-101  |a 962758515 
020 |a 3930849291  |c Pp. : EUR 23.00 
035 |a (DE-599)DNB962758515 
035 |a (OCoLC)54007694 
040 |a DE-603  |b ger  |c DE-603  |d DE-603 
041 |a ger 
043 |c XA-DE 
082 0 4 |8 1\u  |a 355.00943  |q DE-101  |2 23/BSB 
084 |a 63  |a 21  |q DE-101  |2 sdnb 
084 |a 8.4  |q DE-101  |2 sdnb 
085 |8 1\u  |b 355.009 
085 |8 1\u  |z 2  |s 43 
085 |8 1\u  |z 2  |s 4796 
085 |8 1\u  |z 2  |s 4798 
085 |8 1\u  |z 2  |s 479 
090 |a b 
245 0 0 |a ˜Dieœ 11. SS-Freiwilligen-Panzer-Grenadier-Division "Nordland"  |c Rolf Michaelis 
246 1 3 |a ˜Dieœ elfte SS-Freiwilligen-Panzer-Grenadier-Division "Nordland" 
250 |a 1. Aufl. 
264 1 |a Berlin  |b Michaelis  |c 2001 
300 |a 152 S.  |b Ill., Kt.  |c 22 cm 
610 1 7 |a Waffen-SS  |b Freiwilligen-Panzer-Grenadier-Division  |g 11  |2 gnd  |0 (DE-588)4532572-8  |0 (DE-603)08938184X 
700 1 |a Michaelis, Rolf  |d 1968-  |0 (DE-603)207435812  |0 (DE-588)136867383  |2 gnd 
856 4 2 |m V:DE-603;B:DE-Mb50  |q application/pdf  |u http://scans.hebis.de/HEBCGI/show.pl?10119348_toc.pdf  |3 Inhaltsverzeichnis 
924 0 |9 Mb 50  |a (DE-603)508584639  |b DE-Mb50  |c HES  |d c  |g 07.5371 
924 0 |9 2080  |a (DE-603)793381398  |b DE-2080  |c HES  |d d  |g /